| 000 | 00916cam a22002655a 4500 | ||
|---|---|---|---|
| 001 | 1165448 | ||
| 005 | 20180206150411.0 | ||
| 008 | 961231s1998 enka frb 001 0 eng d | ||
| 020 | _a0471965421 | ||
| 020 | _a9780471965428 | ||
| 040 |
_aDLC _cDLC _dDLC _dEG-ScBUE _beng |
||
| 082 | 0 | 4 |
_222 _a620.00151825 _bSMI |
| 100 | 1 |
_aSmith, I. M. _q(Ian Moffat), _d1940- |
|
| 245 | 1 | 0 |
_aProgramming the finite element method / _cI. M. Smith and D. V. Griffiths. |
| 250 | _a3rd ed. | ||
| 260 |
_aChichester ; _aNew York : _bJohn Wiley & Sons, _c1998. |
||
| 300 |
_axii, 534 p. : _bill. ; _c23 cm. |
||
| 504 | _aIncludes bibliographical references and indexes. | ||
| 650 | 7 |
_aFinite element method _xComputer programs. _2BUEsh _941662 |
|
| 650 | 7 |
_aSubroutines (Computer programs) _2BUEsh |
|
| 650 | 0 |
_aComputer-aided engineering. _2BUEsh |
|
| 653 |
_bGGEN _bCOMSCI _cFebruary2018 |
||
| 700 | 1 | _aGriffiths, D. V. | |
| 942 | _2ddc | ||
| 999 |
_c26114 _d26086 |
||